| 000 | 00497cam a22001814a 4500 | ||
|---|---|---|---|
| 005 | 20250605163536.0 | ||
| 008 | 250528s ||||||||||||||||||||||||d | ||
| 035 | _a21404 | ||
| 040 |
_aGR-AtMCL _bgre _dGR-AtMCL _eAACR2 |
||
| 245 | 1 | _aΤΟ ΜΑΝΑΤΖΜΕΝΤ ΤΩΝ ΞΕΝΟΔΟΧΕΙΑΚΩΝ ΕΠΙΧΕΙΡΗΣΕΩΝ | |
| 250 | _a1 | ||
| 260 |
_bInterbooks, _c1991 |
||
| 300 | _a278 | ||
| 700 | 1 | _aΧυτηρης Λεωνιδας Σ | |
| 942 | _cBK | ||
| 999 |
_c6467 _d6467 |
||